แสดงรายละเอียดบรรณานุกรม
  กลับหน้าหลัก

Brief Record : Get Marc (ISO 2709) : E-mail record : QR code ปิดหน้าต่าง
E-books : เกี่ยวกับ Collections
LEADER 00000nam 2200000uu 4500
001    210558
003     ULIBM
008    020711s2553 th a 000 0 tha d
020    978-974-11-1401-6
041    ^atha^beng
060  4 WP 870 พ722พ 2553
100    พิมพิชฌา ปัทมสิริวัฒน์
245    พันธุศาสตร์มะเร็งเต้านม/^cพิมพิชฌา ปัทมสิริวัฒน์.
250    พิมพ์ครั้งที่ 1
260    กรุงเทพฯ :^bคณะเทคนิคการแพทย์ มหาวิทยาลัยมหิดล,^c2553.
300    xxxi,388 หน้า :^bภาพประกอบสี ;^c26 ซม.
650  4 เต้านม,เนื้องงอก
650  4 ^aเต้านม^xมะเร็ง^xแง่พันธุศาสตร์
650  4 ^aเต้านม^xโรค^xการวินิจฉัย
710 2  ^aมหาวิทยาลัยมหิดล. คณะเทคนิคการแพทย์.
999    ^aใช้งานได้ทุกระบบ
รายการนี้ยังไม่มีแท็ก
คุณยังไม่ได้ล็อกอิน คุณสามารถมีกิจกรรมร่วมกับเว็บไซต์ได้ แต่ต้องล็อกอินก่อน ::
  ล็อกอิน
ลำดับที่ ประเภท เลขเรียก สถานที่ สถานะ
1. หนังสือทั่วไป
หนังสือทั่วไป
สถานะ=หนังสือเก่า - บริการ ณ ห้องสมุด (ห้องเหลือง)
WP 870 พ722พ 2553 ฉ.1 
  
ห้องสมุด หอพักนักศึกษา (ห้องเหลือง) On Shelf
  ขอยืม
Note:งบประมาณปี 2558
2. หนังสือทั่วไป
หนังสือทั่วไป
WP 870 พ722พ 2553 ฉ.2 
  
การพยาบาลผู้ใหญ่ On Shelf
  ขอยืม
Note:งบประมาณปี 2558
   [แสดง 2/2 รายการ]

BibComment


ยังไม่เคยถูกคอมเมนท์

คอมเมนท์ทรัพยากรรายการนี้
  คอมเมนท์: พันธุศาสตร์มะเร็ง..
Bib 210558

 
 
 

 Union Library Management : ULibM
Copyright 2026. All Rights Reserved.
скачать бесплатно без регистрации порно красивый секс HD Sex Hindi sex

xxx gou

xxxx

bfxxx

xxxwww

Секса Видео

xxxx

Секса Видео

detube

geilexxx

C99 Shell

worms shell

blod xxx video
Ebony Coed Rihanna Rimes Takes A Dick In Her Young Twat priyaa indian fuck anal and pusssy hardcore indian women xxx desi hardcore fucking part 1 bengalixxxcouple